|
|
|
|
| LEADER |
00930nam a22002412a 4500 |
| 001 |
000062672 |
| 003 |
CZ BrMZK |
| 005 |
20121022104400.0 |
| 007 |
ta |
| 008 |
010907s1989 xr f cze d |
| 040 |
|
|
|a BOA001
|b cze
|
| 080 |
9 |
|
|a 796.413/.418
|
| 100 |
1 |
|
|a Dvořáková, Hana,
|d 1950-
|7 jn19981000896
|4 aut
|
| 245 |
1 |
0 |
|a Sestavy sportovní gymnastiky SHMP :
|b Žactvo /
|c Hana Dvořáková, Václav Škvor, Alena Seidlová
|
| 260 |
|
|
|a Praha :
|b Sportpropag,
|c 1989
|
| 300 |
|
|
|a 89 s.
|
| 700 |
1 |
|
|a Seidlová, Alena
|7 mzk2012727735
|4 aut
|
| 700 |
1 |
|
|a Škvor, Václav,
|c sportovní gymnastika
|4 aut
|
| 910 |
|
|
|a BOA001
|b PK-N-0028.061
|b 4-0947.679
|
| 964 |
|
|
|a Gymnastika sportovní - sestavy - soutěže
|
| 990 |
|
|
|a BK
|
| 996 |
7 |
|
|b 2619116239
|c 4-0947.679
|l MZK
|r Sklad / do 1 hodiny
|n 1
|w 000062672
|u 000020
|a 1
|e BOA001
|j MZK50
|s A
|
| 996 |
7 |
|
|b 3119972138
|c PK-N-0028.061
|l MZK
|r Sklad / do 1 hodiny
|n 3
|w 000062672
|u 000010
|a 1
|e BOA001
|j MZK50
|s A
|